| 000 | 00490nam a22001577a 4500 | ||
|---|---|---|---|
| 003 | OSt | ||
| 005 | 20160401155016.0 | ||
| 008 | 160401b xxu||||| |||| 00| 0 eng d | ||
| 040 | _cRUA | ||
| 082 | _aFIS ហេង 1995 B473 Or.1 | ||
| 100 |
_98303 _aហេង ពន្លៃ |
||
| 245 | _aFry nursing of hybrid catfish, ការថែបំប៉នត្រីអណ្តែងកូនកាត់ | ||
| 260 |
_aPhnom Penh _bRUA _c1995 |
||
| 300 |
_a65p. _bill. _c29cm. |
||
| 942 |
_2ddc _cFOR |
||
| 999 |
_c7940 _d7940 |
||